000 00576nam a2200229Ia 4500
003 OSt
005 20220918183240.0
006 a|||||r|||| 00| 0
007 ta
008 220917b |||||||| |||| 00| 0 eng d
024 _a36,954
037 _cTextual
040 _aARTS
_cARTS
_beng
041 _2eng
_aeng
082 _aO142:3M26, J0
100 _aShchedrin M Saltykov
_962346
245 0 _aJudas Golovlyov
260 _c1950
650 _aENGLISH LITERATURE
942 _hO142:3M26, J0
_cTEXL
_2CC
999 _c171989
_d171989